000 00497nam a2200181Ia 4500
003 GCL
008 140319s9999 xx 000 0 eng d
040 _aGCL /
_cGCL
082 0 4 _a944.035
_bB E
100 1 _aBARBEY, JEAN
245 1 0 _aETRE ROI: LE ROI ET SON GOUVERNEMENT EN FRANCE DE CLOVIS A LOUIS XVI /
_cBARBEY, JEAN
260 _a[S.N] :
_bFAYARD ،
_c1992
300 _a573 P
650 0 4 _aFRANCE - HISTORY
650 0 4 _aHISTORY
650 0 4 _aLOUIS XIV, 1643 - 1715
942 _2ddc
_cBK
999 _c24863
_d24863